La prononciation du latin (Record no. 169412)

MARC details
000 -LEADER
campo de control de longitud fija 00799nam a22002175i 4500
001 - NÚMERO DE CONTROL
campo de control 169412
003 - IDENTIFICADOR DE NÚMERO DE CONTROL
campo de control ES-MaACL
005 - FECHA Y HORA DE LA ÚLTIMA TRANSACCIÓN
campo de control 20230906214102.0
008 - DATOS DE LONGITUD FIJA--INFORMACIÓN GENERAL
campo de control de longitud fija 080910s1955 fr |||| | fre d
080 ## - NÚMERO DE LA CLASIFICACIÓN DECIMAL UNIVERSAL
Número de la Clasificación Decimal Universal 807.1-422
100 1# - ENTRADA PRINCIPAL--NOMBRE DE PERSONA
Nombre de persona Marouzeau, Jules.
9 (RLIN) 138509
245 13 - MENCIÓN DEL TÍTULO
Título La prononciation du latin
Resto del título : (histoire, théorie, pratique) /
Mención de responsabilidad, etc. par J. Marouzeau.
250 ## - MENCION DE EDICION
Mención de edición 4. éd.
260 ## - PUBLICACIÓN, DISTRIBUCIÓN, ETC.
Lugar de publicación, distribución, etc. Paris :
Nombre del editor, distribuidor, etc. Société d'édition "Les Belles Lettres",
Fecha de publicación, distribución, etc. 1955.
300 ## - DESCRIPCIÓN FÍSICA
Extensión 31 p. ;
Dimensiones 26 cm.
490 1# - MENCIÓN DE SERIE
Mención de serie Collection d'études latines. Série pédagogique ;
Designación de volumen o secuencia 1
650 #4 - PUNTO DE ACCESO ADICIONAL DE MATERIA--TÉRMINO DE MATERIA
Término de materia o nombre geográfico como elemento de entrada Lengua latina-
Subdivisión general Fonética.
9 (RLIN) 14299
830 0# - PUNTO DE ACCESO ADICIONAL DE SERIE-TÍTULO UNIFORME
Título uniforme Collection d'études latines. Série pédagogique ;
Designación de volumen o secuencia 1
9 (RLIN) 222828
852 ## - LOCALIZACIÓN
Ubicación ES-MaACL
Número de control de estantería 2235-F-1
itemnumber R.141155
Nota libre .- Biblioteca Jacinto Martínez Lacalle
Holdings
Estatus retirado Estado de pérdida Estado de daño No para préstamo Colección Biblioteca de origen Biblioteca actual Ubicación en estantería Fecha de adquisición Fuente de adquisición Total de préstamos Signatura topográfica completa Código de barras Visto por última vez Precio de reemplazo Tipo de ítem Koha
        Colección de folletos Biblioteca del Ateneo de Madrid Biblioteca del Ateneo de Madrid Depósito folletos 10/09/2008     2235-F-1 1177856 23/02/2023 23/02/2023 Folleto